| 000 | 00732nam a2200229Ia 4500 | ||
|---|---|---|---|
| 003 | GCL | ||
| 008 | 140319s9999 xx 000 0 ara d | ||
| 040 |
_aGCL / _cGCL |
||
| 082 | 0 | 4 |
_a323.4 _bب ح |
| 100 | 1 | _aبروكس، ادجاره | |
| 245 | 1 | 0 |
_aالحرية المدنية فى جنوب افريقيا / _cبروكس، ادجاره |
| 490 |
_aالالف كتاب _v0 |
||
| 650 | 0 | 4 | _aالحقوق المدنية |
| 650 | 0 | 4 | _aالضبط الاجتماعى |
| 650 | 0 | 4 | _aالعلوم السياسية |
| 650 | 0 | 4 | _aالتفرقة العنصرية |
| 650 | 0 | 4 | _aالقانون الطبيعى |
| 650 | 0 | 4 | _aالمساواة |
| 650 | 0 | 4 | _aحرية التعبير |
| 650 | 0 | 4 | _aجنوب افريقيا |
| 942 |
_2ddc _cBK |
||
| 999 |
_c43610 _d43610 |
||